| 000 | 00544nam a2200181 i 4500 | ||
|---|---|---|---|
| 001 | 55804 | ||
| 003 | ES-MaACL | ||
| 005 | 20230906163225.0 | ||
| 007 | t| | ||
| 008 | 030926s1932 sp ||||1| spa d | ||
| 100 | 1 |
_aDiakova, E. _944091 |
|
| 245 | 1 | 3 |
_aLa sombra del anticristo / _cversión española de la novela rusa Tien Antijrista por A. Marcoff y F.A.S. Mur. |
| 260 |
_aBarcelona : _bSubirana, _c1932. |
||
| 300 |
_a270 p. ; _c19 cm. |
||
| 700 | 1 |
_aMarcoff, Alexis. _976493 |
|
| 700 | 1 |
_aMur, F. A. S. _984523 |
|
| 852 |
_aES-MaACL _jA-816 |
||
| 999 |
_c55804 _d55804 |
||